L'alphabet de la discographie de Aespa - Statistiques

Statistiques générales
  • Ce quiz a été pris 22 fois
    14 depuis la dernière actualisation
  • Le résultat moyen est 35 sur 59
Statistiques - réponses
Chansons % Correct
Black Mamba
100%
Drama
90%
Supernova
90%
Armageddon
80%
Better Things
80%
Next Level
80%
Spicy
80%
Welcome To MY World (feat Naevis)
80%
Whiplash
80%
Yeppi Yeppi
80%
Dirty Work
70%
Girls
70%
Hold On Tight
70%
Hot Mess
70%
Pink Hoodie
70%
Savage
70%
Up
70%
Yolo
70%
You
70%
Aenergy
60%
Bahama
60%
Don't Blink
60%
Dreams Come True
60%
Forever
60%
Iconic
60%
I'm Unhappy
60%
Jingle Bell Rock
60%
Kill It
60%
Life's Too Short
60%
Life's Too Short (English Version)
60%
Lucid Dream
60%
Mine
60%
Salty & Sweet
60%
Thirsty
60%
Zoom Zoom
60%
Bored!
50%
Dopamine
50%
Flowers
50%
Hot Air Balloon
50%
ICU
50%
I'll Make You Cry
50%
Illusion
50%
Just Another Girl
50%
Licorice
50%
Lingo
50%
Live My Life
50%
Long Chat
50%
Set The Tone
50%
Spark
50%
'Til We Meet Again
50%
Trick Or Trick
50%
We Go
50%
Die Trying
40%
Flights, Not Feelings
40%
Melody
40%
Prologue
40%
Sun and Moon
40%
Beautiful Christmas (feat Red Velvet)
30%
Regret Of The Times
30%
Aucun quiz correspondant
Distribution des résultats
% des personnes avec chaque résultat
Percentile par nombre de réponses
Votre historique - résultats
Vous n’avez pas pris ce quiz depuis la dernière actualisation